Partisan realignment: (Record no. 48507)
[ view plain ]
| 000 -LEADER | |
|---|---|
| fixed length control field | 00801 a2200277 4500 |
| 020 ## - INTERNATIONAL STANDARD BOOK NUMBER | |
| International Standard Book Number | 0-8039-1445-8 |
| 041 ## - LANGUAGE CODE | |
| Language code of text/sound track or separate title | Eng |
| 082 ## - DEWEY DECIMAL CLASSIFICATION NUMBER | |
| Classification number | 324.0973 |
| Item number | C627p |
| 100 ## - MAIN ENTRY--PERSONAL NAME | |
| Personal name | Clubb, Jerome M. |
| 9 (RLIN) | 3972 |
| 100 ## - MAIN ENTRY--PERSONAL NAME | |
| Personal name | Flanigan, William H. |
| 9 (RLIN) | 3973 |
| 100 ## - MAIN ENTRY--PERSONAL NAME | |
| Personal name | Zingale, Nancy H. |
| 9 (RLIN) | 3974 |
| 245 ## - TITLE STATEMENT | |
| Title | Partisan realignment: |
| Remainder of title | voters, parties and government in American history |
| 260 ## - PUBLICATION, DISTRIBUTION, ETC. | |
| Place of publication, distribution, etc. | London |
| Name of publisher, distributor, etc. | Sage Publications |
| Date of publication, distribution, etc. | 1980 |
| 300 ## - PHYSICAL DESCRIPTION | |
| Extent | 309p. illus. |
| 440 ## - SERIES STATEMENT/ADDED ENTRY--TITLE | |
| Title | Sage library of social research |
| Number of part/section of a work | v.108 |
| 9 (RLIN) | 3975 |
| 504 ## - BIBLIOGRAPHY, ETC. NOTE | |
| Bibliography, etc. note | Includes bibliographies |
| 650 ## - SUBJECT ADDED ENTRY--TOPICAL TERM | |
| Topical term or geographic name entry element | Party affiliation |
| 9 (RLIN) | 3976 |
| 650 ## - SUBJECT ADDED ENTRY--TOPICAL TERM | |
| Topical term or geographic name entry element | Political parties |
| 9 (RLIN) | 1628 |
| 650 ## - SUBJECT ADDED ENTRY--TOPICAL TERM | |
| Topical term or geographic name entry element | Politics |
| 650 ## - SUBJECT ADDED ENTRY--TOPICAL TERM | |
| Topical term or geographic name entry element | Government |
| 9 (RLIN) | 580 |
| 651 ## - SUBJECT ADDED ENTRY--GEOGRAPHIC NAME | |
| Geographic name | America |
| 9 (RLIN) | 2264 |
| 653 ## - INDEX TERM--UNCONTROLLED | |
| Uncontrolled term | Elections |
| 654 ## - SUBJECT ADDED ENTRY--FACETED TOPICAL TERMS | |
| Focus term | Voters |
| 9 (RLIN) | 3977 |
| 942 ## - ADDED ENTRY ELEMENTS (KOHA) | |
| Source of classification or shelving scheme | Dewey Decimal Classification |
| Koha item type | General Collections |
| 518 ## - DATE/TIME AND PLACE OF AN EVENT NOTE | |
| -- | 2010-12-10 |
| Withdrawn status | Lost status | Source of classification or shelving scheme | Damaged status | Not for loan | Home library | Current library | Date acquired | Total Checkouts | Full call number | Barcode | Date last seen | Copy number | Price effective from | Koha item type |
|---|---|---|---|---|---|---|---|---|---|---|---|---|---|---|
| Dewey Decimal Classification | Tribhuvan University Central Library | Tribhuvan University Central Library | 12/10/2010 | 324.0973 C627p | 86282 | 12/10/2010 | 1 | 12/10/2010 | General Collections |
